| Поле | Инд. | ПП | Название | Значение |
|---|---|---|---|---|
| Тип записи | a | |||
| Библиографический уровень | b | |||
| 001 | Контрольный номер | RU/IS/BASE/264553641 | ||
| 005 | Дата корректировки | 20200522190622.3 | ||
| 008 | Кодируемые данные | 19961121 | ||
| 084 | a | Индекс другой классификации/Индекс ББК | 83.3(2=411.2)53 | |
| 097 | 00 | a | 750 | |
| 100 | 10 | a | Автор | Эльзон М. Д. |
| q | Полное имя | Эльзон Михаил Давидович | ||
| 245 | 11 | a | Заглавие | "Завещаю не ставить надо мной никакого памятника..." |
| b | Продолж. заглавия | К 75-летию гибели Н. С. Гумилева | ||
| 600 | a | Персоналии | Гумилев Николай Степанович | |
| 650 | a | Основная рубрика | история литературы | |
| a | Основная рубрика | литературоведение | ||
| a | Основная рубрика | филологические науки | ||
| 653 | 00 | a | Ключевые слова | XIX век |
| a | Ключевые слова | XX век | ||
| a | Ключевые слова | поэзия | ||
| a | Ключевые слова | поэты | ||
| a | Ключевые слова | Россия | ||
| a | Ключевые слова | русская литература | ||
| 773 | 00 | t | Заглавие источника | Нева |
| d | Дата издания источника | 1996 | ||
| g | Прочая информация | № 8. - С. 195 - 197 | ||
| w | Контрольный № источника | RU/IS/BASE/409763348 | ||
| 901 | t | Тип документа | b |